00719 2200241 4500001002100000005001700021008004100038020001800079035002400097082001200121090001900133100005500152245007200207260007300279300002300352500002700375650001000402700001600412850001500428980001300443985000600456999001500462YOGYA-0209000000588520090227020840.0 ind  a979-459-616-7 0010-020900000005885 a297.215 a297.215bInd K aINDONESIA. Pusat Pembinaan dan Pengembangan Bahasa aKisasu L AnbiyacIndonesia. Pusat Pembinaan dan Pengambangan Bahasa aJakartabPusat Pembinan dan Pengambangan Bahasa Departemen P&Kc1996 avi, 189 hlmc21 cm aBibliografi : hlm. 189 aRasul aAbu Hanifah aYOPDYOG(B) a28-06-05 a1 a97A0027674